000 00680nam a22001817a 4500
003 AM-YeHGA
005 20250617154536.0
008 181024b ||||| |||| 00| 0 rus d
040 _aAM-YeHGA
041 0 _arus
245 0 0 _aЭкономическое расслоение крестьянства в 1917 и 1919 г.
260 _aМосква :
_bБ. и.,
_c1922
300 _a181 с.
440 0 _aТруды Центрального статистического управления. Отдел сельскохозяйственных переписей
_vТ. 6. Вып. 3
653 0 _aКрестьянство России
942 _2udc
_cBK
090 _c416511
999 _c414197
_d414197